000
00228nam a22001097a 4500
082
_a
621.3NEF
100
_a
Neff Herbert P
245
_a
Basic electronic fields
260
_a
London
_b
Harppar
_c
1981
300
_a
600
942
_c
BK
999
_c
12576
_d
12576